00435nam a2200157Ia 4500008004100000020001800041082001600059100001900075245004300094250000700137260004200144300003000186500001900216600002700235650001500262240925s9999 xx 000 0 und d a9789332557550 a621.317 BOS aBose, Bimal K. 0aModern Power Electronics and AC Drives aNA aNew Delhi:bPearson Educationc,2016. axxvi, 1101p.b0fOriginal aIncludes Index aElectronic Engineering aTechnology